Vista normal
Vista MARC
Entrada Topical Term
Número de registros utilizados en: 1
001 - CONTROL NUMBER
- control field: 22026
003 - CONTROL NUMBER IDENTIFIER
- control field: OSt
005 - DATE AND TIME OF LATEST TRANSACTION
- control field: 20230915230834.0
008 - FIXED-LENGTH DATA ELEMENTS
- fixed length control field: 230915|| aca||aabn | a|a d
040 ## - CATALOGING SOURCE
- Original cataloging agency: OSt
- Transcribing agency: OSt
150 ## - HEADING--TOPICAL TERM
- Topical term or geographic name entry element: LEY 13 DE 1994
670 ## - SOURCE DATA FOUND
- Source citation: Work cat.: (OSt)25547: Perez Colmenares, Ramiro 22025, Estatuto de participación ciudadana.Referendo.Consulta popular.Iniciativas legislativas.Plebiscito.Revocatoria de mandato.Cabildo abierto., Leyer